Saintonge romane /

Bibliographic Details
Main Author: Eygun, Francois, 1898-
Other Authors: Dupont, Jean, Corbeyran, 1964-
Format: Book
Language:French
English
German
Published: [La Pierre-qui-vire] : Zodiaque, 1970.
Series:Nuit des temps ; 33.
Subjects:

MARC

Tag First Indicator Second Indicator Subfields
LEADER 00000cam a2200000 4500
001 in00000334607
005 20151011052610.0
008 721212s1970 fr abe b 00010 fre u
010 |a  74535514  
035 |a (OCoLC)00512761 
035 |9 ABL4217AM 
040 |c OSU  |d TXA  |d UtOrBLW 
041 0 |a fre  |a eng  |a ger 
049 |a TXAM  |c [1185592] 
090 |a NA5549.S25  |b E9 
100 1 |a Eygun, Francois,  |d 1898- 
245 1 0 |a Saintonge romane /  |c [par] Francois Eygun avec le concours, pour les chapitres sur les Baroques, les eglises a coupoles, et l'Aunis, de Jean Dupont. Photos. inedites de Zodiaque. Traduction allemande de Hilaire de Vos. Traduction anglaise de Paul Veyriras et Jo-Anne Knight. 
264 1 |a [La Pierre-qui-vire] :  |b Zodiaque,  |c 1970. 
300 |a 407 pages :  |b illustrations (part color), maps, plans. ;  |c 23 cm. 
336 |a text  |b txt  |2 rdacontent 
337 |a unmediated  |b n  |2 rdamedia 
338 |a volume  |b nc  |2 rdacarrier 
490 1 |a La Nuit des temps, 33 
500 |a "Ce volume ... constitue le numero special de Noel pour l'annee de grace 1970 de la revue d'art trimestrielle 'Zodiaque.'" 
504 |a Bibliography: pages 20-[21]. 
650 0 |a Architecture, Romanesque  |z France  |z Saintonge. 
650 0 |a Church architecture  |z France  |z Saintonge. 
700 1 |a Dupont, Jean. 
700 1 |a Corbeyran,  |d 1964-  |t Zodiaque. 
830 0 |a Nuit des temps ;  |v 33. 
999 |a MARS 
999 f f |s 3fea3227-db93-38ce-875a-2dbf8c6daafc  |i 3313ba23-a122-3e04-9344-0c696fff55c6  |t 0 
952 f f |p ric  |a Texas A&M University  |b Rellis Campus  |c Joint Library Facility  |d Remote Storage  |t 0  |e NA5549.S25 E9  |h Library of Congress classification  |i unmediated -- volume  |m A14803438356 
998 f f |a NA5549.S25 E9  |t 0  |l Remote Storage